| 000 | 00755nam a2200277Ia 4500 | ||
|---|---|---|---|
| 003 | OSt | ||
| 005 | 20221007123448.0 | ||
| 006 | a|||||r|||| 00| 0 | ||
| 007 | ta | ||
| 008 | 221006b |||||||| |||| 00| 0 eng d | ||
| 020 | _a3540431098 (hbd) | ||
| 024 | _a2020 | ||
| 037 | _cTextual | ||
| 040 |
_aPAPL _cPAPL _beng |
||
| 041 |
_2eng _aeng |
||
| 082 | _aCN1, P2;1 Carpa | ||
| 100 |
_aSchwabl Franz _9506390 |
||
| 245 | 0 | _aQuantum mechanics | |
| 250 | _aEd. 3 | ||
| 260 |
_aBerlin _bSpringer-Verlag _c2002 |
||
| 300 |
_axv, 418p. _ccm. |
||
| 500 | _aAppendix A-D, 393-409p.; Index 411-418p. | ||
| 650 | _aQuantum mechanics | ||
| 942 |
_hCN1, P2;1 Carpa _cTEXL _2CC |
||
| 999 |
_c1211933 _d1211933 |
||